Представление документа в формате MARC21

Поле Инд. ПП Название Значение
Тип записи a
Библиографический уровень b
001 Контрольный номер RU/IS/BASE/148478825
005 Дата корректировки 20251124110655.8
084 a Индекс другой классификации/Индекс ББК 65.9(2Рос)-984
100 1_ a Автор Иванов Е.
q Полное имя Иванов Евгений Александрович
245 10 a Заглавие Экономическая безопасность России
336 a Термин вида содержания Текст
337 a Термин типа средства электронный
650 04 a Основная рубрика экономика
653 0_ a Ключевые слова благосостояние населения
a Ключевые слова внешнеэкономические отношения
a Ключевые слова динамика импорта
a Ключевые слова доходы домохозяйств
a Ключевые слова импорт
a Ключевые слова конкурентоспособность экономики
a Ключевые слова Россия
a Ключевые слова социально-экономическая безопасность
a Ключевые слова социально-экономическая политика
a Ключевые слова социально-экономические реформы
a Ключевые слова топливно-энергетический баланс
a Ключевые слова топливно-энергетический сектор
a Ключевые слова уровень бедности
a Ключевые слова уровень благосостояния
a Ключевые слова экономическая политика
773 18 t Заглавие источника Мировая экономика и международные отношения
d Дата издания источника 2001
g Прочая информация № 11. - С. 44 - 51 : табл.
856 40 a Имя сервера/домена ИМЭМО РАН
d Путь https://www.imemo.ru
y Справочный текст Электронная версия
i Указания/сценарий входа Бесплатный доступ
u URL https://www.imemo.ru/index.php?page_id=1248&file=https://www.imemo.ru/files/File/magazines/meimo/11_2001/06-Ivanov.pdf
901 t Тип документа b